000
00188 a2200097 4500
001
13650
100
_a
Booth M
245
_a
Bismark
260
_a
London
_b
Harrap
_c
090
_c
10644
_d
10644
942
_a
NUST-CAE
_c
M
_c
719
999
_c
248723
_d
248723